Economics (3rd ed.) (Record no. 40965)

MARC details
000 -LEADER
fixed length control field 00542nam a2200169 a 4500
008 - FIXED-LENGTH DATA ELEMENTS--GENERAL INFORMATION
fixed length control field 160615c20019999||||||||||||||||| || u
020 ## - INTERNATIONAL STANDARD BOOK NUMBER
International Standard Book Number 0618230017
050 ## - LIBRARY OF CONGRESS CALL NUMBER
Classification number CD/HB 171.5 Tay
100 ## - MAIN ENTRY--PERSONAL NAME
Personal name Taylor, John B
245 10 - TITLE STATEMENT
Title Economics (3rd ed.)
Medium [cd-rom]
250 ## - EDITION STATEMENT
Edition statement 4th ed.
260 ## - PUBLICATION, DISTRIBUTION, ETC.
Place of publication, distribution, etc. Boston:
Name of publisher, distributor, etc. Houghton Mifflin Company
Date of publication, distribution, etc. 2001
300 ## - PHYSICAL DESCRIPTION
Extent 4 3/4 in.
350 ## - PRICE (NR) (BK AM CF MU VM SE) [OBSOLETE]
Price 0.00
650 #0 - SUBJECT ADDED ENTRY--TOPICAL TERM
Topical term or geographic name entry element ECONOMICS
995 ## - RECOMMENDATION 995 [LOCAL, UNIMARC FRANCE]
-- CBU-MAIN LIBRARY (Kitwe)
-- 0.00
-- 1
-- AVAILABLE
-- Jun 15, 2016
-- e-Media Collection
Holdings
Withdrawn status Lost status Source of classification or shelving scheme Damaged status Not for loan Home library Current library Shelving location Date acquired Total Checkouts Full call number Barcode Date last seen Price effective from Koha item type
          CBU-MAIN LIBRARY, KITWE. CBU-MAIN LIBRARY, KITWE.   11/30/2022   CD/HB 171.5 Tay 20141092 11/30/2022 11/30/2022 MONOGRAPH